| 000 | 00596nam a22002177a 4500 | ||
|---|---|---|---|
| 001 | 216219220 | ||
| 003 | UA-OsUOA | ||
| 005 | 20200911110313.0 | ||
| 008 | 200911b un ||||| |||| 00| 0 ukr d | ||
| 040 |
_aUA-OsUOA _bukr _cUA-OsUOA _dUA-OsUOA |
||
| 041 | _aukr | ||
| 080 | _a519 | ||
| 090 |
_a519 _bГ56 |
||
| 100 | _aГнеденко Б. В. | ||
| 245 |
_aЭлементарное введение в теорию вероятностей _cБ. В. Гнеденко |
||
| 260 |
_aМосква _bНаука _c1976 |
||
| 300 | _a165 с. | ||
| 650 | _251 | ||
| 942 |
_2udc _cBK |
||
| 955 | _a1 | ||
| 999 |
_c463252 _d463252 |
||